000
00300nam a2200133Ia 4500
008
090123s9999 xx 000 0 und d
082
_b
25053
245
_a
THE VISION JULY-1943
250
_a
0
300
_a
316
630
_a
THE VISION JULY-1943
730
_a
THE VISION JULY-1943
942
_c
BOOK
999
_c
63124
_d
63124